Statistics for Art in History

Click here to take the quiz!

General Stats

  • This quiz has been taken 231 times
  • The average score is 6 of 16

Answer Stats

Answer% Correct
Claude Monet
97%
Vincent van Gogh
92%
Johannes Vermeer
69%
Pierre-Auguste Renoir
57%
Georges Seurat
46%
Leonardo da Vinci
46%
Gustav Klimt
41%
Édouard Manet
33%
Paul Gauguin
27%
Rembrandt
21%
Caravaggio
19%
Paul Klee
19%
Paul Cézanne
17%
Eugène Delacroix
14%
Edgar Degas
13%
Sandro Botticelli
11%

Score Distribution

Percentile by Number Answered

Percent of People with Each Score

Your Score History

You have not taken this quiz